000 00485nam a22001697a 4500
008 220816b |||||||| |||| 00| 0 eng d
020 _a0801049538
050 _aBS1140.3
_b.A76 2015
100 _aArnold, Bill T.
245 _aEncountering the Old Testament
_ba Christian Survey/
_cBill T. Arnold
250 _a3rd ed.
260 _aGrand Rapids
_bBaker Academic
_c2015
300 _axvi, 539p.
650 _aBible, O.T.
_vtextbooks
700 _aBeyer, Bryan E.
942 _2lcc
_cBK
999 _c19431
_d19430